Identification and suppression of multiple reflections in seismic prospecting / (Record no. 544732)

000 -LEADER
fixed length control field 00686cam a2200169 a 4500
020 ## - INTERNATIONAL STANDARD BOOK NUMBER
International Standard Book Number 9067640794
082 ## - DEWEY DECIMAL CLASSIFICATION NUMBER
Classification number 550.3409
Author Mark KOZ
-- D.
100 1# - MAIN ENTRY--PERSONAL NAME
Personal name Kozlov, Evgeniĭ Alekseevich.
9 (RLIN) 40440
245 10 - TITLE STATEMENT
Title Identification and suppression of multiple reflections in seismic prospecting /
Statement of responsibility, etc. E.A. Kozlov ; [translated from the Russian by the author].
260 ## - PUBLICATION, DISTRIBUTION, ETC.
Place of publication, distribution, etc. Utrecht, Netherlands :
Name of publisher, distributor, etc. VSP,
Date of publication, distribution, etc. 1988.
300 ## - PHYSICAL DESCRIPTION
Extent viii, 241 p. :
Other physical details ill. ;
Dimensions 25 cm.
500 ## - GENERAL NOTE
General note Translation of: Raspoznavanie i podavienie mnogokratnykh voin v sefismorazvedke.
526 ## - STUDY PROGRAM INFORMATION NOTE
Program name 0
Interest level 0
Reading level 0
Title point value 550_340900000000000_KOZ
650 #0 - SUBJECT ADDED ENTRY--TOPICAL TERM
Topical term or geographic name entry element MCE
9 (RLIN) 379
650 #0 - SUBJECT ADDED ENTRY--TOPICAL TERM
Topical term or geographic name entry element Seismic reflection method
General subdivision Deconvolution.
9 (RLIN) 40441
942 ## - ADDED ENTRY ELEMENTS (KOHA)
Source of classification or shelving scheme
Koha item type Book
Holdings
Withdrawn status Lost status Source of classification or shelving scheme Damaged status Not for loan Permanent Location Current Location Date acquired Total Checkouts Full call number Barcode Date last seen Price effective from Koha item type
          Military College of Engineering (MCE) Military College of Engineering (MCE) 05/09/2014   550.3409 KOZ MCE-44276 05/09/2014 05/09/2014 Book
© 2023 Central Library, National University of Sciences and Technology. All Rights Reserved.